Artificial Intelligence For Big Data (Record no. 348016)

MARC details
000 -LEADER
fixed length control field 00559nam a2200169Ia 4500
008 - FIXED-LENGTH DATA ELEMENTS--GENERAL INFORMATION
fixed length control field 230718s9999 xx 000 0 und d
020 ## - INTERNATIONAL STANDARD BOOK NUMBER
International Standard Book Number 9781788472173
041 ## - LANGUAGE CODE
Language code of text/sound track or separate title eng
082 ## - DEWEY DECIMAL CLASSIFICATION NUMBER
Classification number 006.3
Item number DES
100 ## - MAIN ENTRY--PERSONAL NAME
Personal name Deshpande A.
9 (RLIN) 107363
245 ## - TITLE STATEMENT
Title Artificial Intelligence For Big Data
Remainder of title Complete Guide To Automating Big Data Solutions Using Artificial Intelleigence Techniques
260 ## - PUBLICATION, DISTRIBUTION, ETC. (IMPRINT)
Date of publication, distribution, etc. 2018
Name of publisher, distributor, etc. Packt
300 ## - PHYSICAL DESCRIPTION
Extent 367
365 ## - TRADE PRICE
Currency code Rs.
Price amount 1099.00
700 ## - ADDED ENTRY--PERSONAL NAME
Personal name Deshpande A. & Kumar M.
9 (RLIN) 200950
906 ## - LOCAL DATA ELEMENT F, LDF (RLIN)
d O:0601504-Aug-2018B:IN23918-Jul-2018
c COMP
b 219.8
Holdings
Withdrawn status Lost status Damaged status Not for loan Home library Current library Date acquired Vendor Budget Code Cost, normal purchase price Bill number Total Checkouts Full call number Barcode Date last seen Discount Cost, replacement price Bill Date Koha item type Original Barcode
        Cummins College of Engineering for Women Pune Cummins College of Engineering for Women Pune 04/08/2018 Pradeep Book Distributors COMP 879.20 IN239   006.3 CCEP-BK-59223 18/07/2023 219.8 1099.00 18/07/2018 Books 059223